STATISTICS (Record no. 342968)
[ view plain ]
| 000 -LEADER | |
|---|---|
| fixed length control field | 00432 a2200169 4500 |
| 003 - CONTROL NUMBER IDENTIFIER | |
| control field | OSt |
| 005 - DATE AND TIME OF LATEST TRANSACTION | |
| control field | 20180116182627.0 |
| 008 - FIXED-LENGTH DATA ELEMENTS--GENERAL INFORMATION | |
| fixed length control field | 160628b xxu||||| |||| 00| 0 eng d |
| 040 ## - CATALOGING SOURCE | |
| Original cataloging agency | 2006 |
| Transcribing agency | nust |
| 082 ## - DEWEY DECIMAL CLASSIFICATION NUMBER | |
| Classification number | 519.5 BEG |
| 100 ## - MAIN ENTRY--PERSONAL NAME | |
| Personal name | DR. M. AFZAL BEG |
| 110 ## - MAIN ENTRY--CORPORATE NAME | |
| Corporate name or jurisdiction name as entry element | MIRAJ DIN MIRZA |
| 245 ## - TITLE STATEMENT | |
| Title | STATISTICS |
| Remainder of title | THEORY AND METHODS |
| 250 ## - EDITION STATEMENT | |
| Edition statement | VOL 2 |
| 260 ## - PUBLICATION, DISTRIBUTION, ETC. | |
| Place of publication, distribution, etc. | caravan books hoouse Lahore |
| Date of publication, distribution, etc. | 2006 |
| 942 ## - ADDED ENTRY ELEMENTS (KOHA) | |
| Institution code [OBSOLETE] | NBS |
| Koha item type | Book |
| Call number prefix | 519.5 BEG |
| Source of classification or shelving scheme | |
| Withdrawn status | Lost status | Damaged status | Not for loan | Permanent Location | Current Location | Date acquired | Total Checkouts | Full call number | Barcode | Date last seen | Price effective from | Koha item type | Date last checked out | Total Renewals |
|---|---|---|---|---|---|---|---|---|---|---|---|---|---|---|
| Central Library (CL) | Central Library (CL) | 08/28/2013 | 519.5 BEG | NBSD-47B | 08/28/2013 | 08/28/2013 | Book | |||||||
| Central Library (CL) | Central Library (CL) | 08/28/2013 | 2 | 519.5 BEG | NBS6820-A | 02/07/2023 | 08/28/2013 | Book | 12/31/2022 | |||||
| Central Library (CL) | Central Library (CL) | 08/28/2013 | 2 | 519.5 BEG | NBSD-54-B | 08/06/2019 | 08/28/2013 | Book | 01/06/2019 | 1 | ||||
| Central Library (CL) | Central Library (CL) | 08/28/2013 | 1 | 519.5 BEG | NBSD-45-B | 11/23/2017 | 08/28/2013 | Book | 08/24/2017 | |||||
| Central Library (CL) | Central Library (CL) | 08/28/2013 | 1 | 519.5 BEG | NBSD-51-B | 11/23/2017 | 08/28/2013 | Book | 08/24/2017 | |||||
| Central Library (CL) | Central Library (CL) | 08/28/2013 | 1 | 519.5 BEG | NBSD-49-B | 11/23/2017 | 08/28/2013 | Book | 08/24/2017 | |||||
| Central Library (CL) | Central Library (CL) | 08/28/2013 | 1 | 519.5 BEG | NBSD-48-B | 11/23/2017 | 08/28/2013 | Book | 08/24/2017 |
